Catálogo de las obras de Goya expuestas en el Ministerio de Instrucción Pública y Bellas Artes : (Record no. 184960)

MARC details
000 -LEADER
campo de control de longitud fija 01174nam a2200265 i 4500
001 - NÚMERO DE CONTROL
campo de control 184960
003 - IDENTIFICADOR DE NÚMERO DE CONTROL
campo de control ES-MaACL
005 - FECHA Y HORA DE LA ÚLTIMA TRANSACCIÓN
campo de control 20250811071126.0
008 - DATOS DE LONGITUD FIJA--INFORMACIÓN GENERAL
campo de control de longitud fija 160229e1900 sp |||| | spa d
080 ## - NÚMERO DE LA CLASIFICACIÓN DECIMAL UNIVERSAL
Número de la Clasificación Decimal Universal 75 Goya, Francisco de (060.64)
111 2# - ENTRADA PRINCIPAL--NOMBRE DE CONGRESO/REUNIÓN
Nombre de congreso/reunión o jurisdicción como elemento de entrada Exposición de Obras de Goya (
Fecha del congreso o de la firma del tratado 1900.
Sede del congreso/Lugar de la reunión Madrid)
9 (RLIN) 158886
245 10 - MENCIÓN DEL TÍTULO
Título Catálogo de las obras de Goya expuestas en el Ministerio de Instrucción Pública y Bellas Artes :
Resto del título mayo, 1900.
260 ## - PUBLICACIÓN, DISTRIBUCIÓN, ETC.
Lugar de publicación, distribución, etc. [S.l. :
Nombre del editor, distribuidor, etc. s.n.],
Fecha de publicación, distribución, etc. 1900
Lugar de fabricación/manufactura (Madrid :
Fabricante Est. Tip. de Fortanet)
300 ## - DESCRIPCIÓN FÍSICA
Extensión 61 páginas ;
Dimensiones 17 cm.
530 ## - NOTA DISPONIBLE DE FORMULARIO FÍSICO ADICIONAL
Nota de formato físico adicional disponible Disponible en formato digital
600 1# - PUNTO DE ACCESO ADICIONAL DE MATERIA--NOMBRE DE PERSONA
Nombre de persona Goya, Francisco de,
Fechas asociadas al nombre 1746-1828-
Subdivisión de forma Exposiciones
9 (RLIN) 240354
655 #7 - TERMINO DE INDIZACIÓN--GENERO/FORMA
Fuente del término tgfbne
9 (RLIN) 193628
Datos o término principal de género/forma Catálogos de exposiciones
710 1# - ENTRADA AGREGADA--NOMBRE DE ENTIDAD CORPORATIVA
Nombre de entidad corporativa o nombre de jurisdicción como elemento de entrada España.
Unidad subordinada Ministerio de Instrucción Pública y Bellas Artes
Término indicativo de función/relación Sede
9 (RLIN) 226896
852 ## - LOCALIZACIÓN
Ubicación ES-MaACL
Ubicación en estantería Depósito folletos
Número de control de estantería Fol-Laf-491
852 ## - LOCALIZACIÓN
Ubicación ES-MaACL
Ubicación en estantería Sala Valle Inclán
Donativo/Legado Donativo de Cerrajería
Número de control de estantería D-366
856 ## - LOCALIZACIÓN Y ACCESO ELECTRÓNICOS
Identificador Uniforme de Recursos <a href="https://bibliotecadigital.museodelprado.es/pradobib/es/bib/13551.do">https://bibliotecadigital.museodelprado.es/pradobib/es/bib/13551.do</a>
Texto de enlace Versión en línea
Nota pública (Biblioteca Digital del Museo del Prado)
942 ## - ELEMENTOS DE ENTRADA SECUNDARIOS (KOHA)
Fuente del sistema de clasificación o colocación Clasificación decimal universal
Tipo de ítem Koha Libro impreso antiguo
Suprimir en OPAC No
Holdings
Estatus retirado Estado de pérdida Fuente del sistema de clasificación o colocación Estado de daño No para préstamo Colección Biblioteca de origen Biblioteca actual Ubicación en estantería Fecha de adquisición Fuente de adquisición Total de préstamos Signatura topográfica completa Código de barras Visto por última vez Tipo de ítem Koha
    Clasificación decimal universal     Libros del s. XIX Biblioteca del Ateneo de Madrid Biblioteca del Ateneo de Madrid Sala Valle Inclán 29/02/2016 Donación   D-366 901194811 23/02/2023 Libro impreso antiguo
    Clasificación decimal universal     Colección de folletos Biblioteca del Ateneo de Madrid Biblioteca del Ateneo de Madrid Depósito folletos 29/02/2016     Fol-Laf-491 1194810 23/02/2023 Folleto